000 00778nam a22002777a 4500
001 BR8004816
003 BR-BrBNA
005 20230928090702.0
007 ta
008 230509b bl.||||| |||| 00| 0 por d
040 _aBR-BrBNA
_bpor
_cBiblioteca Nacional de Agricultura
041 _a(Por)
072 _aP00
_b/GZ74
_b/G514
090 _ P00 BR8004816
100 1 _aBecker, M.
110 1 _aFundacao Universidade Federal de Mato Grosso, Cuiaba (Brasil)
_95065
245 1 _aAspectos da caca em algumas regioes do cerrado de Mato Grosso [Brasil]
260 3 _aCuiaba, MT (Brasil):
_c1980.
300 _a32 p.
650 _aCACA
650 _aECOLOGIA ANIMAL
650 _aCERRADO
650 _aMATO GROSSO
909 _a202309
_bLucia
_c55
_dLucia Elande
942 _cBK
999 _c30016
_d30016